| 000 | 00586nam a2200193 a 4500 | ||
|---|---|---|---|
| 005 | 20140412111412.0 | ||
| 008 | 070215s19uu xx 00 eng d | ||
| 020 | _a983-3004-47-4 | ||
| 050 |
_aER _bGo1 2005 |
||
| 100 | _aRathakrishnam, Devi Sudarsani | ||
| 245 |
_aGo away! Get lost! / _cDevi Sudarsani Rathakrishnam. |
||
| 260 |
_aMalaysia : _bFuture text publications, _c2005. |
||
| 300 | _a22 | ||
| 440 | _aIsland glades mysteries | ||
| 500 | _aProverb-Love your neihbor as yourself | ||
| 650 | _aValues- Juvenile literature | ||
| 650 | _aChildren stories | ||
| 999 |
_c105713 _d105713 |
||